Welcome to CU Library Online Public Access Catalogue (OPAC)

Disciplines of a godly man / (Record no. 4754)

MARC details
000 -LEADER
fixed length control field 00712cam a2200229 a 4500
001 - CONTROL NUMBER
control field 14592489
005 - DATE AND TIME OF LATEST TRANSACTION
control field 20250313121429.0
008 - FIXED-LENGTH DATA ELEMENTS--GENERAL INFORMATION
fixed length control field 061012s2006 ilu b 001 0 eng
020 ## - INTERNATIONAL STANDARD BOOK NUMBER
International Standard Book Number 1581347588 (pbk.)
020 ## - INTERNATIONAL STANDARD BOOK NUMBER
International Standard Book Number 9781581347586 (pbk.)
050 00 - LIBRARY OF CONGRESS CALL NUMBER
Classification number BV4647.D58
Item number H84 2006
082 04 - DEWEY DECIMAL CLASSIFICATION NUMBER
Classification number 248.8/42
Edition information 21
100 1# - MAIN ENTRY--PERSONAL NAME
Personal name Hughes, R. Kent,
Dates associated with a name 1942-
245 10 - TITLE STATEMENT
Title Disciplines of a godly man /
Statement of responsibility, etc. R. Kent Hughes.
250 ## - EDITION STATEMENT
Edition statement Rev. ed.; 10th anniversary ed.
260 ## - PUBLICATION, DISTRIBUTION, ETC.
Place of publication, distribution, etc. Wheaton, Ill. :
Name of publisher, distributor, etc. Crossway Books,
Date of publication, distribution, etc. 2006.
300 ## - PHYSICAL DESCRIPTION
Extent 304 p. ;
Dimensions 23 cm.
650 #0 - SUBJECT ADDED ENTRY--TOPICAL TERM
Topical term or geographic name entry element Discipline
General subdivision Religious aspects
-- Christianity.
650 #0 - SUBJECT ADDED ENTRY--TOPICAL TERM
Topical term or geographic name entry element Spiritual life
General subdivision Christianity.
650 #0 - SUBJECT ADDED ENTRY--TOPICAL TERM
Topical term or geographic name entry element Christian men
General subdivision Religious life.
942 ## - ADDED ENTRY ELEMENTS (KOHA)
Source of classification or shelving scheme Library of Congress Classification
Koha item type Books
Suppress in OPAC No
999 ## -
-- 4754
-- 4754
Holdings
Withdrawn status Lost status Source of classification or shelving scheme Damaged status Not for loan Collection Home library Current library Shelving location Date acquired Total checkouts Full call number Barcode Date last seen Copy number Price effective from Koha item type
    Library of Congress Classification     Non-fiction Graduate Library (Christ Temple) Graduate Library (Christ Temple) General stacks 03/13/2025   BV 4647.D 58 HUG GSCT00000619 03/13/2025 1 03/13/2025 Books
© 2023-2024 Copyright: Central University Libraries. All Rights Reserved | Created by: Mahone Tech Office